000 00378nam a2200145Ia 4500
008 230917s9999||||xx |||||||||||||| ||und||
040 _e107766
_aMAIN
041 _aEnglish
082 _a658 C459M
100 _aChowdhery, Subir
245 0 _aManagement 21C: someday we'll all manage this way
260 _aDelhi
_bPearson Education
_c2003
300 _a289p p.
942 _cBK
999 _c123203
_d123203